| 000 | 00649nam a2200205 a 4500 | ||
|---|---|---|---|
| 005 | 20240315063718.0 | ||
| 008 | 991125s1988 mx 000 0 spa u | ||
| 020 | _a9682921147 | ||
| 035 | _aUPN01000002905 | ||
| 049 | _aSEP | ||
| 050 | 4 |
_aF1234 _bM32 |
|
| 100 | 1 |
_aMarroquín Pamanes, Enrique, _d1903- _930371 |
|
| 245 | 1 | 0 |
_aAnécdotas del Güero Marroquín / _cEnrique Marroquín Pamanes ; ed. Ricardo Monroy. |
| 260 |
_aMéxico : _bSEP, Dirección General de Culturas Populares, _c1988. |
||
| 300 |
_a400 p. : _bil. |
||
| 440 | 0 | _aTestimonios | |
| 651 | 4 |
_aMéxico _xHistoria _ySiglo XX _94443 |
|
| 700 | 1 |
_aMonroy, Ricardo, _eed. |
|
| 905 | _aLibro | ||
| 999 |
_c2905 _d2905 |
||